Úloha vodných nádrží pri zásobovaní obyvateľstva pitnou vodou
Saved in:
| Main Author: | |
|---|---|
| Other Authors: | |
| Format: | Manuscript Book |
| Language: | Slovak |
| Published: |
2022
|
| Subjects: | |
| Online Access: | http://is.stuba.sk/zp/portal_zp.pl?podrobnosti=159810 https://opac.crzp.sk/?fn=detailBiblioForm&sid=C3156EBF8AB965AD2224DDC699AC |
| Tags: |
No Tags, Be the first to tag this record!
|
MARC
| LEADER | 00000ntm a22000003a 4500 | ||
|---|---|---|---|
| 001 | stuzp83800 | ||
| 003 | SK-STU | ||
| 005 | 20230515081543.0 | ||
| 007 | ta | ||
| 008 | 150427s2015----xo-----f-mn---000-0-slo-d | ||
| 040 | |a STU |b slo | ||
| 041 | 0 | |a slo | |
| 100 | 1 | |a Košťáliková, Viktória |u 010150 |4 aut |U SvF Stavebná fakulta |T SvF Katedra geotechniky |X 93021 |U V150 |Y 15 |7 93021 | |
| 242 | 0 | 1 | |a The role of water reservoirs in supplying the population with drinking water |y eng |
| 245 | 1 | 0 | |a Úloha vodných nádrží pri zásobovaní obyvateľstva pitnou vodou |
| 260 | |c 2022 | ||
| 650 | 4 | |a voda |2 slo | |
| 650 | 4 | |a vodárenské nádrže |2 slo | |
| 650 | 4 | |a zásobovanie |2 slo | |
| 650 | 4 | |a klimatické zmeny |2 slo | |
| 650 | 4 | |a water |2 eng | |
| 650 | 4 | |a water reservoirs |2 eng | |
| 650 | 4 | |a supplying |2 eng | |
| 650 | 4 | |a climate change |2 eng | |
| 700 | 1 | |a Bednárová, Emília |u 010150 |k Z8 |4 ths |U SvF Stavebná fakulta |T SvF Katedra geotechniky |X 1011 |U V150 |Y 15 |7 A000001011 | |
| 856 | 4 | |u http://is.stuba.sk/zp/portal_zp.pl?podrobnosti=159810 | |
| 856 | 4 | |u https://opac.crzp.sk/?fn=detailBiblioForm&sid=C3156EBF8AB965AD2224DDC699AC | |